| 000 | 00768nam a2200229 i 4500 | ||
|---|---|---|---|
| 001 | bg | ||
| 245 | 0 | 0 |
_aPlan kont a sprawozdawczość finansowa i zarządcza : _bpraca zbiorowa / _cpod red. Ewy Walińskiej ; poszczeg. rozdz. napisali Ewa Walińska et al.] ; Fundacja Rozwoju Rachunkowości w Polsce. |
| 260 |
_aWarszawa : _bFRR, _c1998. |
||
| 300 |
_a320 s. ; _c24 cm. |
||
| 500 | _aBibliogr. s. 319-320. | ||
| 650 | 9 | _aKonto | |
| 650 | 9 |
_aPrzedsiębiorstwo _xfinanse _xsprawozdawczość |
|
| 700 | 1 |
_aWALIŃSKA, Ewa. _eRed. |
|
| 710 | 0 | _aFundacja Rozwoju Rachunkowości w Polsce | |
| 020 | _a838654368X | ||
| 040 | _cBPK | ||
| 041 | _apl | ||
| 080 | _a658.14/.17:657 | ||
| 920 | _a83-86543-68-X | ||
| 942 | _cKS | ||
| 008 | s pl f |000 0 pol | ||
| 999 |
_c36727 _d36727 |
||
| 856 |
_uhttp://koha.tu.koszalin.pl/cgi-bin/koha/opac-detail.pl?biblionumber=36727 _yKatalog online BPK |
||